Statistics for The Avengers - Every Member in the MCU

Click here to take the quiz!

General Stats

  • This quiz has been taken 74 times
  • The average score is 26 of 35

Answer Stats

AffiliationInductionSpeciesStatusAnswer% Correct
MemberThe AvengersHumanDeceasedNatasha Romanoff | Black Widow
100%
MemberThe AvengersAsgardianActiveThor Odinson
100%
MemberThe AvengersHumanDeceasedTony Stark | Iron Man
98%
MemberThe AvengersHumanActiveClint Barton | Hawkeye
96%
MemberAvengers: Infinity WarHumanActiveSam Wilson | Falcon | Captain America
96%
MemberThe AvengersHuman (Enhanced)UnknownSteve Rogers | Captain America
96%
MemberAvengers: Age of UltronHuman (Enhanced)UnknownWanda Maximoff | Scarlet Witch
95%
MemberThe AvengersHuman (Enhanced)ActiveBruce Banner | Hulk
93%
MemberAvengers: Age of UltronSynthezoidUnknownVision
91%
MemberThe AvengersHumanActiveNick Fury
88%
MemberAvengers: Age of UltronHuman (Enhanced)DeceasedPietro Maximoff | Quicksilver
88%
MemberAvengers: Infinity WarHuman (Enhanced)ActivePeter Parker | Spider-Man
84%
AssociateAvengers: Infinity WarZehoberei CyborgDeceasedGamora (Prime)
82%
AssociateAvengers: EndgameZehoberei CyborgActiveGamora (Variant)
82%
AssociateAvengers: Infinity WarHuman Celestial HybridActivePeter Quill | Star-Lord
82%
MemberAvengers: Infinity WarLuphomoid CyborgActiveNebula
81%
AssociateAvengers: Infinity WarHumanActiveShuri | Black Panther
79%
MemberAvengers: Infinity WarHuman (Enhanced)DeceasedT'Challa | Black Panther
79%
AssociateAvengers: Infinity WarFlora ColossusActiveGroot
75%
MemberAvengers: Age of UltronHumanActiveJames "Rhodey" Rhodes | War Machine
75%
AssociateAvengers: Infinity WarKylosianActiveDrax the Destroyer
72%
MemberAvengers: Infinity WarHalfworlderActiveRocket Raccoon
72%
AssociateAvengers: Infinity WarHuman (Enhanced)ActiveJames Buchanan "Bucky" Barnes | The Winter Soldier
68%
MemberAvengers: EndgameHumanActiveScott Lang | Ant-Man
68%
AssociateAvengers: Infinity WarCelestial HybridActiveMantis
65%
MemberAvengers: EndgameHuman (Enhanced)ActiveCarol Danvers | Captain Marvel
61%
AssociateAvengers: EndgameAsgardianActiveBrunnhilde | Valkyrie
56%
AssociateAvengers: EndgameHumanActiveHope van Dyne | The Wasp
56%
AssociateAvengers: Infinity WarHumanActiveDoctor Stephen Strange
53%
AssociateThe AvengersHumanDeceasedMaria Hill
53%
AssociateThe AvengersHumanDeceasedPhil Coulson
53%
MemberAvengers: Infinity WarHumanActiveOkoye | Midnight Angel
42%
AssociateAvengers: EndgameHumanActiveVirginia "Pepper" Potts | Rescue
39%
AssociateAvengers: Infinity WarHumanActiveWong
37%
AssociateAvengers: EndgameXandarian CyborgActiveKraglin Obfonteri
25%

Score Distribution

Percentile by Number Answered

Percent of People with Each Score

Your Score History

You have not taken this quiz